00462pab a2200157 454500008004000000100002300040245006000063260000900123300001300132362000800145650003400153650002500187700001900212700002100231773005200252180718b1997 xxu||||| |||| 00| 0 eng d aAdamolekun, Ladipo aMalawi Institute of Management: a partial success story c1997 ap.529-42 aDec aManagement education - Malawi aManagement education aKulemeka, Noel aLaleye, Mouftaou aInternational Review of Administrative Sciences